Исследование проницаемости волокнистых теплоизоляционных материалов; Современные техника и технологии; Т. 3

Bibliografiske detaljer
Parent link:Современные техника и технологии: сборник трудов XVII международной научно-практической конференции студентов, аспирантов и молодых ученых, Томск, 18-22 апреля 2011 г/ Национальный исследовательский Томский политехнический университет (ТПУ).— , 2011
Т. 3.— 2011.— [С. 289-290]
Hovedforfatter: Ярошенко Р. С.
Andre forfattere: Половников В. Ю. Вячеслав Юрьевич (научный руководитель)
Summary:Заглавие с титульного экрана
Sprog:russisk
Udgivet: 2011
Serier:Теплоэнергетика
Fag:
Online adgang:http://www.lib.tpu.ru/fulltext/c/2011/C01/V03/139.pdf
Format: Electronisk Book Chapter
KOHA link:https://koha.lib.tpu.ru/cgi-bin/koha/opac-detail.pl?biblionumber=235291

MARC

LEADER 00000naa2a2200000 4500
001 235291
005 20260316140604.0
035 |a (RuTPU)RU\TPU\book\256422 
035 |a RU\TPU\book\256414 
090 |a 235291 
100 |a 20130408d2011 k y0rusy50 ca 
101 0 |a rus 
102 |a RU 
135 |a drnn ---uucaa 
181 0 |a i  
182 0 |a b 
200 1 |a Исследование проницаемости волокнистых теплоизоляционных материалов  |f Р. С. Ярошенко  |g науч. рук. В. Ю. Половников 
203 |a Текст  |c электронный 
225 1 |a Теплоэнергетика 
300 |a Заглавие с титульного экрана 
320 |a [Библиогр.: с. 290 (3 назв.)] 
337 |a Adobe Reader 
461 1 |0 (RuTPU)RU\TPU\book\255301  |t Современные техника и технологии  |o сборник трудов XVII международной научно-практической конференции студентов, аспирантов и молодых ученых, Томск, 18-22 апреля 2011 г  |o в 3 т.  |f Национальный исследовательский Томский политехнический университет (ТПУ)  |d 2011 
463 1 |0 (RuTPU)RU\TPU\book\255308  |t Т. 3  |v [С. 289-290]  |d 2011 
610 1 |a труды учёных ТПУ 
610 1 |a электронный ресурс 
610 1 |a исследование 
610 1 |a проницаемость 
610 1 |a теплоизоляционные материалы 
700 1 |a Ярошенко  |b Р. С. 
702 1 |a Половников  |b В. Ю.  |c специалист в области теплотехники  |c доцент Томского политехнического университета, доктор технических наук  |f 1980-  |g Вячеслав Юрьевич  |3 (RuTPU)RU\TPU\pers\25532  |4 727  |9 11462 
801 2 |a RU  |b 63413507  |c 20130416  |g RCR 
856 4 |u http://www.lib.tpu.ru/fulltext/c/2011/C01/V03/139.pdf 
942 |c CF